[Event "Rome Lazio op 15th"]
[Site "Rome"]
[Date "2022.01.06"]
[Round "6"]
[White "De Blasio, Alessandro"]
[Black "Maldonado Gonzales, Stefano"]
[Result "1-0"]
[WhiteElo "1934"]
[BlackElo "1895"]
[PlyCount "83"]
[EventDate "2022.01.02"]
[EventType "swiss"]
[EventRounds "7"]
[EventCountry "ITA"]
[SourceTitle "EXT 2023"]
[Source "ChessBase"]
[SourceDate "2022.10.05"]
[SourceVersion "1"]
[SourceVersionDate "2022.10.05"]
[SourceQuality "1"]

1. e4 e5 2. Nc3 Nf6 3. g3 d5 4. exd5 Nxd5 5. Bg2 Nxc3 6. bxc3 Nc6 7. Nf3 Bc5 8. 0-0 0-0 9. d3 Bg4 10. h3 Bh5 11. Qe1 Re8 12. Rb1 Bb6 13. a4 Bg6 14. Nd2 Qe7 15. Nc4 Qe6 16. Qe2 e4 17. d4 Bxd4 18. Rxb7 Bxc3 19. Rxc7 Rac8 20. Rxc8 Rxc8 21. Be3 Nb4 22. Rd1 Qa6 23. Bf1 Qxa4 24. Nd6 Rb8 25. Qc4 Qc6 26. Qxc6 Nxc6 27. Nb5 Bf6 28. Nxa7 Ne5 29. c4 Bf5 30. c5 Ra8 31. Nb5 Bd7 32. Nc7 Rc8 33. Nd5 Bd8 34. Kg2 Be6 35. Ba6 Ra8 36. Bb7 Rb8 37. c6 Bxd5 38. Rxd5 Bc7 39. Bf4 Re8 40. Bxe5 Bxe5 41. Rxe5 Rxe5 42. c7 1-0

[Event "LSS WC-2011-T-00001"]
[Site "LSS email"]
[Date "2010.06.10"]
[Round "?"]
[White "De Blasio, Alessandro"]
[Black "Laghetti, Gaetano"]
[Result "1/2-1/2"]
[WhiteElo "2373"]
[BlackElo "2394"]
[PlyCount "67"]
[EventDate "2010.06.15"]
[EventType "tourn (corr)"]
[EventRounds "10"]
[EventCountry "GER"]
[SourceTitle "Telechess CBM 155"]
[Source "ChessBase"]
[SourceDate "2013.07.16"]
[SourceVersion "1"]
[SourceVersionDate "2013.07.16"]
[SourceQuality "1"]

1. e4 c5 2. c3 Nf6 3. e5 Nd5 4. Nf3 Nc6 5. d4 cxd4 6. Bc4 Nb6 7. Bb3 d5 8. exd6 Qxd6 9. 0-0 Be6 10. Bxe6 Qxe6 11. Nxd4 Nxd4 12. Qxd4 Rd8 13. Qh4 Qe2 14. Nd2 e5 15. Ne4 Rd1 16. Ng3 Rxf1+ 17. Nxf1 Be7 18. Qh3 0-0 19. Bd2 Bc5 20. Qg3 f6 21. Re1 Qa6 22. Qf3 Rf7 23. Be3 Bxe3 24. Nxe3 Qxa2 25. Rd1 Qxb2 26. Nf5 Qc2 27. h4 Rf8 28. h5 Kh8 29. Qg4 Rg8 30. Ne7 Re8 31. Nf5 Rg8 32. Nd6 Rf8 33. Nf7+ Kg8 34. Nh6+ 1/2-1/2

[Event "LSS WC-2009-F-00001"]
[Site "LSS email"]
[Date "2009.11.03"]
[Round "?"]
[White "Blanco Gramajo, Cesar Augusto"]
[Black "De Blasio, Alessandro"]
[Result "1/2-1/2"]
[WhiteElo "2441"]
[BlackElo "2387"]
[PlyCount "83"]
[EventDate "2009.11.08"]
[EventType "tourn (corr)"]
[EventRounds "14"]
[EventCountry "GER"]
[SourceTitle "Telechess CBM 141"]
[Source "ChessBase"]
[SourceDate "2011.03.17"]
[SourceVersion "1"]
[SourceVersionDate "2011.03.17"]
[SourceQuality "1"]

1. d4 d5 2. c4 c6 3. Nf3 Nf6 4. Nc3 e6 5. Bg5 h6 6. Bh4 dxc4 7. e4 g5 8. Bg3 b5 9. Be2 Bb7 10. 0-0 Nbd7 11. Ne5 h5 12. Nxd7 Qxd7 13. Qc1 Rg8 14. Rd1 Bb4 15. Qe3 Ng4 16. Bxg4 hxg4 17. a4 a6 18. axb5 axb5 19. Rxa8+ Bxa8 20. Qe2 Be7 21. Qxg4 Rh8 22. f4 f5 23. Qe2 g4 24. exf5 exf5 25. Qe5 Rh6 26. Qg7 Qe6 27. Re1 Rg6 28. Qh8+ Rg8 29. Qe5 Qxe5 30. Rxe5 Kf7 31. Rxf5+ Kg6 32. Re5 Bf6 33. f5+ Kg7 34. Re6 Bxd4+ 35. Bf2 Bxf2+ 36. Kxf2 b4 37. Na4 c5 38. Kg3 Rd8 39. Kxg4 Bxg2 40. Kg5 Rd5 41. Rg6+ Kf7 42. Rf6+ 1/2-1/2

[Event "LSS WC-2009-F-00001"]
[Site "LSS email"]
[Date "2009.11.03"]
[Round "?"]
[White "De Blasio, Alessandro"]
[Black "Dutra Neto, Alfredo Carlos S"]
[Result "1-0"]
[WhiteElo "2387"]
[BlackElo "2499"]
[PlyCount "93"]
[EventDate "2009.11.08"]
[EventType "tourn (corr)"]
[EventRounds "14"]
[EventCountry "GER"]
[SourceTitle "Telechess CBM 137"]
[Source "ChessBase"]
[SourceDate "2010.07.15"]
[SourceVersion "1"]
[SourceVersionDate "2010.07.15"]
[SourceQuality "1"]

1. e4 e6 2. d4 d5 3. Nd2 Nf6 4. e5 Nfd7 5. Bd3 c5 6. c3 Nc6 7. Ne2 cxd4 8. cxd4 Qb6 9. Nf3 Bb4+ 10. Kf1 Be7 11. h4 f6 12. Nf4 fxe5 13. dxe5 Ncxe5 14. Nxe5 Nxe5 15. Qh5+ Nf7 16. Bxh7 Qd4 17. Be3 Qe5 18. Qg6 Qf6 19. Qc2 Ne5 20. Ng6 Rxh7 21. Nxe5 Rh5 22. Bg5 Qxg5 23. Qa4+ b5 24. Qxb5+ Kf8 25. hxg5 Rxh1+ 26. Ke2 Rxa1 27. Ng6+ Kf7 28. Nxe7 Kxe7 29. Qc6 Rxa2 30. Qxa8 Rxb2+ 31. Ke3 Rb3+ 32. Kd2 Kd7 33. Qxa7+ Rb7 34. Qd4 Kd8 35. f4 Re7 36. g4 Ke8 37. g6 Bd7 38. f5 exf5 39. Qxd5 Re6 40. gxf5 Rf6 41. Qg8+ Rf8 42. Qxg7 Rxf5 43. Qh8+ Ke7 44. g7 Be6 45. g8Q Rd5+ 46. Ke3 Bxg8 47. Qxg8 1-0

[Event "LSS WC-2009-F-00001"]
[Site "LSS email"]
[Date "2009.11.03"]
[Round "?"]
[White "De Blasio, Alessandro"]
[Black "Knight, Tom"]
[Result "1/2-1/2"]
[WhiteElo "2364"]
[BlackElo "2539"]
[PlyCount "74"]
[EventDate "2009.11.08"]
[EventType "tourn (corr)"]
[EventRounds "14"]
[EventCountry "GER"]
[SourceTitle "Telechess CBM 147"]
[Source "ChessBase"]
[SourceDate "2012.03.16"]
[SourceVersion "1"]
[SourceVersionDate "2012.03.16"]
[SourceQuality "1"]

1. e4 c5 2. c3 Nf6 3. e5 Nd5 4. Nf3 Nc6 5. d4 cxd4 6. Bc4 Nb6 7. Bb3 d5 8. exd6 Qxd6 9. 0-0 Be6 10. Bxe6 Qxe6 11. Nxd4 Nxd4 12. Qxd4 Rd8 13. Qh4 Qe2 14. Nd2 e5 15. Ne4 Be7 16. Bg5 f6 17. Be3 0-0 18. Bxb6 axb6 19. Ng3 Qxb2 20. Qc4+ Kh8 21. Rab1 Qc2 22. Rxb6 Rc8 23. Qe4 Rxc3 24. Rxb7 Re8 25. Qg4 Bf8 26. Nf5 Rc4 27. Qh5 Rcc8 28. Qg4 Rc7 29. Ne3 Qc6 30. Rxc7 Qxc7 31. Qe4 g6 32. Rd1 Bc5 33. Rc1 Qb6 34. Nd5 Bxf2+ 35. Kf1 Qa5 36. Nxf6 Rf8 37. Qb7 Qa7 1/2-1/2

[Event "Viterbo op 6th"]
[Site "Viterbo"]
[Date "2009.06.02"]
[Round "6"]
[White "De Blasio, Alessandro"]
[Black "Tortolini, Francesco"]
[Result "1/2-1/2"]
[WhiteElo "2057"]
[BlackElo "1855"]
[PlyCount "74"]
[EventDate "2009.05.30"]
[EventType "swiss"]
[EventRounds "7"]
[EventCountry "ITA"]
[SourceTitle "EXT 2011"]
[Source "ChessBase"]
[SourceDate "2010.11.26"]
[SourceVersion "1"]
[SourceVersionDate "2010.11.26"]
[SourceQuality "1"]

1. e4 d5 2. exd5 Qxd5 3. Nc3 Qa5 4. d4 Nf6 5. Nf3 Bg4 6. h3 Bh5 7. Be2 Nc6 8. 0-0 0-0-0 9. Qd3 Bxf3 10. Bxf3 Nxd4 11. Qc4 Nxf3+ 12. gxf3 e6 13. Bf4 Bd6 14. Rad1 Bxf4 15. Qxf4 Rxd1 16. Rxd1 Rd8 17. Rxd8+ Kxd8 18. Ne4 Ke7 19. Nxf6 gxf6 20. Qe4 Qg5+ 21. Kf1 Qb5+ 22. Kg2 h6 23. b3 b6 24. c4 Qg5+ 25. Kf1 a5 26. h4 Qe5 27. Qc6 Qd6 28. Qb7 Qf4 29. Qc6 Qd6 30. Qb7 Kd7 31. Qa8 Qd3+ 32. Kg2 Qg6+ 33. Kh3 Qf5+ 34. Kg2 Qg6+ 35. Kh3 Qd3 36. Kg2 Ke7 37. Qc6 Qd6 1/2-1/2

[Event "Viterbo op 6th"]
[Site "Viterbo"]
[Date "2009.06.01"]
[Round "4"]
[White "De Blasio, Alessandro"]
[Black "Trifoglio, Giovanni"]
[Result "1-0"]
[WhiteElo "2057"]
[BlackElo "1953"]
[PlyCount "99"]
[EventDate "2009.05.30"]
[EventType "swiss"]
[EventRounds "7"]
[EventCountry "ITA"]
[SourceTitle "EXT 2011"]
[Source "ChessBase"]
[SourceDate "2010.11.26"]
[SourceVersion "1"]
[SourceVersionDate "2010.11.26"]
[SourceQuality "1"]

1. e4 c5 2. Nf3 e6 3. d4 cxd4 4. Nxd4 Nc6 5. Nc3 a6 6. g3 Nge7 7. Be3 Nxd4 8. Qxd4 b5 9. Bg2 Nc6 10. Qd2 Bb7 11. f4 Na5 12. Bd4 Rc8 13. 0-0 Qc7 14. Qf2 Be7 15. Bb6 Qxb6 16. Qxb6 Bc5+ 17. Qxc5 Rxc5 18. Rf2 Ke7 19. Nd1 Rc7 20. Ne3 Nc4 21. Nxc4 Rxc4 22. e5 Bxg2 23. Rxg2 Rhc8 24. c3 b4 25. cxb4 Rxb4 26. Rd2 Rbc4 27. Rad1 R8c7 28. Kf2 Rc2 29. Ke3 f6 30. Rxc2 Rxc2 31. Rd2 Rc6 32. Kd4 d6 33. exd6+ Rxd6+ 34. Kc3 h5 35. Rxd6 Kxd6 36. Kd4 g5 37. fxg5 fxg5 38. b4 g4 39. a4 e5+ 40. Ke4 Ke6 41. b5 a5 42. b6 Kd6 43. b7 Kc7 44. Kxe5 Kxb7 45. Kd5 Kc7 46. Kc5 Kd7 47. Kb5 Kd6 48. Kxa5 Kc5 49. Ka6 Kc6 50. a5 1-0

[Event "Viterbo op 6th"]
[Site "Viterbo"]
[Date "2009.05.31"]
[Round "3"]
[White "De Blasio, Alessandro"]
[Black "Faini, Marco"]
[Result "1-0"]
[WhiteElo "2057"]
[BlackElo "1915"]
[PlyCount "71"]
[EventDate "2009.05.30"]
[EventType "swiss"]
[EventRounds "7"]
[EventCountry "ITA"]
[SourceTitle "EXT 2011"]
[Source "ChessBase"]
[SourceDate "2010.11.26"]
[SourceVersion "1"]
[SourceVersionDate "2010.11.26"]
[SourceQuality "1"]

1. e4 c5 2. Nf3 d6 3. d4 cxd4 4. Nxd4 Nf6 5. Nc3 a6 6. Bg5 e6 7. f4 b5 8. e5 dxe5 9. fxe5 Qc7 10. exf6 Qe5+ 11. Be2 Qxg5 12. Qd3 gxf6 13. Ne4 Qe5 14. 0-0-0 Be7 15. Bf3 Ra7 16. Rhe1 Qc7 17. Qe3 h6 18. Kb1 Bd7 19. Rd3 b4 20. Bh5 Nc6 21. Nxc6 Bxc6 22. Nxf6+ Kf8 23. Qf2 Bd8 24. Nd7+ Qxd7 25. Rxd7 Rxd7 26. Qc5+ Be7 27. Qxc6 Rd8 28. Bxf7 Rd6 29. Qf3 Kg7 30. Bxe6 Rf8 31. Qg4+ Kh8 32. Bc4 Bf6 33. Bd3 Bg5 34. Qe4 Rd7 35. Qxb4 Rfd8 36. a3 1-0

[Event "Viterbo op 6th"]
[Site "Viterbo"]
[Date "2009.05.30"]
[Round "1"]
[White "Pompili, Ugo"]
[Black "De Blasio, Alessandro"]
[Result "1-0"]
[WhiteElo "1843"]
[BlackElo "2057"]
[PlyCount "45"]
[EventDate "2009.05.30"]
[EventType "swiss"]
[EventRounds "7"]
[EventCountry "ITA"]
[SourceTitle "EXT 2011"]
[Source "ChessBase"]
[SourceDate "2010.11.26"]
[SourceVersion "1"]
[SourceVersionDate "2010.11.26"]
[SourceQuality "1"]

1. d4 d5 2. e3 Nf6 3. f4 c5 4. Nf3 Qb6 5. c3 Nc6 6. Bd3 cxd4 7. exd4 Bg4 8. h3 Bxf3 9. Qxf3 e6 10. 0-0 Bd6 11. Nd2 0-0-0 12. Kh1 Kb8 13. b4 Rc8 14. Bb2 Qd8 15. a4 h5 16. Kg1 h4 17. Nb3 Nh5 18. Bc1 Ng3 19. Re1 Ne7 20. Bd2 Nef5 21. a5 Qf6 22. Nc5 Nh5 23. Nd7+ 1-0

[Event "Senigallia op 3rd"]
[Site "Senigallia"]
[Date "2008.08.09"]
[Round "8"]
[White "De Blasio, Alessandro"]
[Black "Van der Veen, Ronald"]
[Result "1-0"]
[WhiteElo "2073"]
[BlackElo "2013"]
[PlyCount "91"]
[EventDate "2008.08.02"]
[EventType "swiss"]
[EventRounds "9"]
[EventCountry "ITA"]
[SourceTitle "EXT 2011"]
[Source "ChessBase"]
[SourceDate "2010.11.26"]
[SourceVersion "1"]
[SourceVersionDate "2010.11.26"]
[SourceQuality "1"]

1. e4 c6 2. d4 d5 3. Nc3 dxe4 4. Nxe4 Bf5 5. Ng3 Bg6 6. h4 h6 7. Nf3 e6 8. h5 Bh7 9. Bd3 Bxd3 10. Qxd3 Bb4+ 11. c3 Bd6 12. Ne4 Be7 13. Bf4 Nf6 14. Nxf6+ Bxf6 15. 0-0-0 Nd7 16. Kb1 Nb6 17. c4 Bg5 18. Bxg5 hxg5 19. Ne5 Qf6 20. g4 0-0-0 21. Rh3 Nd7 22. Nxc6 bxc6 23. Qa3 Nb8 24. Rf3 Rxd4 25. Rxf6 Rxd1+ 26. Kc2 Rhd8 27. Rf3 a6 28. Qe7 R1d2+ 29. Kc3 R2d7 30. Qxg5 f6 31. Qg6 c5 32. h6 gxh6 33. Qxf6 Nc6 34. Qxe6 Kc7 35. Rf7 Rxf7 36. Qxf7+ Rd7 37. Qf4+ Kb7 38. Qxh6 Nb4 39. Qh1+ Kb6 40. Qb1 Rd4 41. a3 Nc6 42. Qf5 Rd6 43. g5 Nd4 44. Qg4 Re6 45. g6 Re2 46. g7 1-0

[Event "Senigallia op 3rd"]
[Site "Senigallia"]
[Date "2008.08.05"]
[Round "4"]
[White "Ricci, Alessio"]
[Black "De Blasio, Alessandro"]
[Result "0-1"]
[WhiteElo "1856"]
[BlackElo "2073"]
[PlyCount "36"]
[EventDate "2008.08.02"]
[EventType "swiss"]
[EventRounds "9"]
[EventCountry "ITA"]
[SourceTitle "EXT 2011"]
[Source "ChessBase"]
[SourceDate "2010.11.26"]
[SourceVersion "1"]
[SourceVersionDate "2010.11.26"]
[SourceQuality "1"]

1. e4 c5 2. c3 d5 3. exd5 Qxd5 4. d4 cxd4 5. Nf3 e5 6. cxd4 Nc6 7. dxe5 Qxd1+ 8. Kxd1 Bg4 9. Bf4 Bc5 10. Nbd2 Nge7 11. Ne4 Ng6 12. Bg3 Bd4 13. Nd6+ Ke7 14. Bc4 Ncxe5 15. Kc2 Kxd6 16. Nxd4 Kc5 17. Bxf7 Kxd4 18. f3 Bf5+ 0-1

[Event "IECG WC.2009.T.00001 email"]
[Site "IECG email"]
[Date "2008.04.15"]
[Round "1"]
[White "De Blasio, Alessandro"]
[Black "Schulze, Michael"]
[Result "1-0"]
[WhiteElo "2339"]
[BlackElo "2353"]
[PlyCount "89"]
[EventDate "2008.04.15"]
[EventType "tourn (corr)"]
[EventRounds "6"]
[SourceTitle "Corr 2024"]
[Source "ChessBase"]
[SourceDate "2023.10.19"]
[SourceVersion "1"]
[SourceVersionDate "2023.10.19"]
[SourceQuality "1"]

1. e4 c5 2. Nf3 d6 3. d4 cxd4 4. Nxd4 Nf6 5. Nc3 a6 6. Bg5 e6 7. f4 Qb6 8. a3 Nc6 9. Nb3 Be7 10. Qf3 0-0 11. 0-0-0 a5 12. Bxf6 Bxf6 13. Rxd6 a4 14. Nd2 Be7 15. Rd3 Qc7 16. Qf2 Ra5 17. Rh3 e5 18. f5 Nd4 19. Rg3 Qd8 20. Nf3 Qb6 21. Nxd4 exd4 22. Nd5 Qh6+ 23. Kb1 Bh4 24. Bd3 Bxg3 25. Qxg3 b6 26. Rf1 Bb7 27. Ne7+ Kh8 28. e5 Qe3 29. Qh4 Qh6 30. Qxd4 Bxg2 31. Rg1 Bf3 32. f6 gxf6 33. Nf5 Qxh2 34. Rg3 Qh1+ 35. Ka2 Bd5+ 36. c4 Be6 37. Qf4 Qh5 38. Nd4 Bxc4+ 39. Ka1 f5 40. Bxc4 Rc5 41. e6 fxe6 42. Bxe6 Qe8 43. Qg5 Qg6 44. Qh4 Qe8 45. Rg1 1-0

[Event "IECG WC.2009.T.00001 email"]
[Site "IECG email"]
[Date "2008.04.15"]
[Round "1"]
[White "De Blasio, Alessandro"]
[Black "Van Seben, Edgar"]
[Result "1/2-1/2"]
[WhiteElo "2339"]
[BlackElo "2368"]
[PlyCount "161"]
[EventDate "2008.04.15"]
[EventType "tourn (corr)"]
[EventRounds "6"]
[SourceTitle "Corr 2024"]
[Source "ChessBase"]
[SourceDate "2023.10.19"]
[SourceVersion "1"]
[SourceVersionDate "2023.10.19"]
[SourceQuality "1"]

1. e4 Nf6 2. e5 Nd5 3. d4 d6 4. Nf3 Bg4 5. Be2 c6 6. 0-0 Bxf3 7. Bxf3 dxe5 8. dxe5 e6 9. Nd2 Nd7 10. Re1 Qc7 11. Nc4 N7b6 12. Qd4 Nxc4 13. Qxc4 0-0-0 14. a4 h6 15. c3 g5 16. a5 a6 17. Qe4 Bg7 18. Bd2 Ne7 19. Be3 Qxe5 20. Qc2 Qf5 21. Be4 Qg4 22. Bb6 Rd7 23. Rad1 Nd5 24. f3 Qh5 25. Bxd5 cxd5 26. Qa4 Qg6 27. Re4 Rd6 28. Rc4+ Kb8 29. Bc7+ Ka8 30. Rc5 Be5 31. Re1 Bf4 32. g3 Rg8 33. Kf2 f6 34. h3 h5 35. Qd1 Bxg3+ 36. Kxg3 Rd7 37. Kh2 g4 38. fxg4 hxg4 39. Qxg4 Qf7 40. Qxe6 Rxc7 41. Qxf7 Rxf7 42. Rxd5 f5 43. Ree5 Rfg7 44. Re2 Rf8 45. Rf2 f4 46. Rd4 f3 47. Rg4 Rc7 48. Kg3 Rf5 49. Rxf3 Rxa5 50. h4 Ka7 51. Rg5 Ra1 52. Rf2 Re7 53. Rh2 Rg1+ 54. Kf4 Rf1+ 55. Kg4 Re8 56. Rh3 Re4+ 57. Kh5 Rff4 58. Rh2 Rc4 59. Rd5 Rfe4 60. Rh3 Rc8 61. Kg6 Re6+ 62. Kg5 Rg8+ 63. Kf4 Re2 64. b3 Rf8+ 65. Kg4 Re1 66. Kh5 Ref1 67. Re5 R1f4 68. Re6 a5 69. Kg5 Rf2 70. Kh6 b5 71. h5 a4 72. bxa4 bxa4 73. Rh4 a3 74. Ra4+ Kb7 75. Kh7 Rh2 76. h6 a2 77. Rea6 Rff2 78. Kh8 Re2 79. c4 Rhg2 80. Ra8 Kb6 81. h7 1/2-1/2

[Event "IECG WC.2009.T.00001 email"]
[Site "IECG email"]
[Date "2008.04.15"]
[Round "1"]
[White "De Blasio, Alessandro"]
[Black "Zielinski, Sergej"]
[Result "1-0"]
[WhiteElo "2339"]
[BlackElo "2242"]
[PlyCount "37"]
[EventDate "2008.04.15"]
[EventType "tourn (corr)"]
[EventRounds "6"]
[SourceTitle "Corr 2024"]
[Source "ChessBase"]
[SourceDate "2023.10.19"]
[SourceVersion "1"]
[SourceVersionDate "2023.10.19"]
[SourceQuality "1"]

1. d4 d5 2. c4 e6 3. Nc3 Nf6 4. cxd5 exd5 5. Bg5 Be7 6. e3 0-0 7. Bd3 Nbd7 8. Nf3 c6 9. Qc2 Re8 10. 0-0 Nf8 11. h3 Ne4 12. Bf4 Nxc3 13. bxc3 Bd6 14. Bxd6 Qxd6 15. c4 dxc4 16. Bxc4 Be6 17. Bd3 h6 18. a4 Rac8 19. Rfd1 1-0

[Event "IECG WC.2009.T.00001 email"]
[Site "IECG email"]
[Date "2008.04.15"]
[Round "1"]
[White "Halwick Jr, Floyd J"]
[Black "De Blasio, Alessandro"]
[Result "1/2-1/2"]
[WhiteElo "2241"]
[BlackElo "2339"]
[PlyCount "45"]
[EventDate "2008.04.15"]
[EventType "tourn (corr)"]
[EventRounds "6"]
[SourceTitle "Corr 2024"]
[Source "ChessBase"]
[SourceDate "2023.10.19"]
[SourceVersion "1"]
[SourceVersionDate "2023.10.19"]
[SourceQuality "1"]

1. e4 c5 2. Nf3 d6 3. d4 cxd4 4. Nxd4 Nf6 5. Nc3 g6 6. Be3 Bg7 7. f3 Nc6 8. Qd2 0-0 9. 0-0-0 d5 10. exd5 Nxd5 11. Nxc6 bxc6 12. Bd4 Nxc3 13. Qxc3 Bh6+ 14. Be3 Bxe3+ 15. Qxe3 Qb6 16. Qxe7 Be6 17. Qa3 Rad8 18. Bd3 Rd5 19. Qc3 Rc5 20. Qd4 Bxa2 21. b4 Rg5 22. Qxb6 axb6 23. g3 1/2-1/2

[Event "IECG WC.2009.T.00001 email"]
[Site "IECG email"]
[Date "2008.04.15"]
[Round "1"]
[White "Pappier, Carlos Guillermo"]
[Black "De Blasio, Alessandro"]
[Result "1/2-1/2"]
[WhiteElo "2504"]
[BlackElo "2339"]
[PlyCount "81"]
[EventDate "2008.04.15"]
[EventType "tourn (corr)"]
[EventRounds "6"]
[SourceTitle "Corr 2024"]
[Source "ChessBase"]
[SourceDate "2023.10.19"]
[SourceVersion "1"]
[SourceVersionDate "2023.10.19"]
[SourceQuality "1"]

1. d4 d5 2. c4 e6 3. Nf3 c6 4. e3 Nf6 5. Bd3 Nbd7 6. b3 Bd6 7. Bb2 Ne4 8. 0-0 0-0 9. Qc2 f5 10. Ba3 Bxa3 11. Nxa3 Rf6 12. Rac1 Rh6 13. Nb1 b6 14. Nc3 Bb7 15. Ne2 Qe7 16. Rfd1 Rf8 17. Qb2 g5 18. Nd2 c5 19. cxd5 exd5 20. Re1 Rf7 21. Nf1 Qf6 22. Rcd1 Nf8 23. Qa3 Nxf2 24. Kxf2 f4 25. Qb2 Ne6 26. exf4 gxf4 27. Nc1 f3 28. g3 Ng5 29. Re8+ Rf8 30. Re5 Rh5 31. Rd2 Nh3+ 32. Ke1 Rxe5+ 33. dxe5 Re8 34. Kd1 Rxe5 35. Qa3 Re7 36. Qxa7 Qc3 37. Ne3 Rxe3 38. Qb8+ Kf7 39. Qxb7+ Kf6 40. Qxb6+ Kf7 41. Qb7+ 1/2-1/2

[Event "IECG WC.2010.S.00004 email"]
[Site "IECG email"]
[Date "2007.12.15"]
[Round "?"]
[White "De Blasio, Alessandro"]
[Black "Cade, Stephen"]
[Result "1-0"]
[WhiteElo "2337"]
[BlackElo "2068"]
[PlyCount "37"]
[EventDate "2007.12.15"]
[EventType "tourn (corr)"]
[EventRounds "6"]
[SourceTitle "Corr 2024"]
[Source "ChessBase"]
[SourceDate "2023.10.19"]
[SourceVersion "1"]
[SourceVersionDate "2023.10.19"]
[SourceQuality "1"]

1. e4 c5 2. Nf3 d6 3. d4 cxd4 4. Nxd4 Nf6 5. Nc3 a6 6. Bg5 e6 7. f4 Qc7 8. Bxf6 gxf6 9. Qe2 Nc6 10. 0-0-0 Bd7 11. Kb1 Nxd4 12. Rxd4 b5 13. g3 Qc5 14. Qd2 h5 15. Bg2 Ra7 16. Re1 a5 17. Nd1 h4 18. g4 Ra6 19. Nf2 1-0